| 000 | 00589nam a22001937a 4500 | ||
|---|---|---|---|
| 999 |
_c7286 _d7286 |
||
| 003 | AR-CdUCM | ||
| 008 | 190320b ||||| |||| 00| 0 spa d | ||
| 040 |
_aMUNICIPALIDAD PROVINCIAL DEL CUSCO _cBIBLIOTECA MUNICIPAL DEL CUSCO |
||
| 082 |
_28ed. _a461.5 / _bSA24 |
||
| 100 |
_aSanmartí, Primitivo _920541 |
||
| 245 | _aReglas de prosodia i ortografía / | ||
| 260 |
_aBarcelona : _bBlas Cami, _c1916. |
||
| 300 |
_a192 páginas ; _c21 cm. |
||
| 500 | _aDonación familia Nieto. | ||
| 650 |
_aLengua española _91124 |
||
| 650 |
_aOrtografía _92067 |
||
| 942 |
_2ddc _cLIBROS |
||
| 945 | _aafb | ||